| 000 | 00781nam a2200277Ia 4500 | ||
|---|---|---|---|
| 003 | OSt | ||
| 005 | 20220925212427.0 | ||
| 006 | a|||||r|||| 00| 0 | ||
| 007 | ta | ||
| 008 | 220923b |||||||| |||| 00| 0 eng d | ||
| 020 | _a0043303218 | ||
| 037 | _cGeneral Book | ||
| 040 |
_aRTL _cRTL _beng |
||
| 041 |
_2eng _aeng |
||
| 082 | _aX.1(X).N7, L7;M2 | ||
| 100 |
_aSinger Hans W _9123003 |
||
| 245 | 0 | _aRich and poor countries | |
| 250 | _a3 | ||
| 260 |
_aLondon _bAllen & Unwin _c1982 |
||
| 300 |
_a270p _ccm. |
||
| 490 | _aStudies in Economics. 12 | ||
| 650 | _aEconomic Condition Developing Countries | ||
| 700 |
_a Ansari Javed A. _9123004 |
||
| 942 |
_hX.1(X).N7, L7;M2 _cGB _2CC |
||
| 999 |
_c560304 _d560304 |
||